| 000 | 00717nam a2200229 a 4500 | ||
|---|---|---|---|
| 003 | SISC | ||
| 005 | 20170131111128.0 | ||
| 008 | 120825s19uu xx 00 eng d | ||
| 020 | _a9781118018811 | ||
| 050 |
_aHF 5414 _b.P43 2011 |
||
| 100 | _aPeck, Dave. | ||
| 245 |
_aThink before you engage : _b100 questions to ask before starting a social media marketing campaign / |
||
| 260 |
_aIndianapolis : _bJohn Wiley & Sons, Inc, _c2011. |
||
| 300 |
_axxvii, 284 pages : _billustrations ; _c26 cm. |
||
| 500 | _aIncludes index. | ||
| 650 | _aMarketing. | ||
| 650 |
_aSocial networks _xMarketing. |
||
| 650 | _aInternet marketing. | ||
| 650 |
_aMarketing _xManagement. |
||
| 942 |
_cBK _2lcc _kFOR |
||
| 999 |
_c25240 _d25240 |
||